LEADER 01336nam0-22004571i-450 001 990000800660403321 005 20200717111457.0 010 $a88-86701-37-3 035 $a000080066 035 $aFED01000080066 035 $a(Aleph)000080066FED01 035 $a000080066 100 $a20090309d1998----km-y0itay50------ba 101 0 $aita 102 $aIT 105 $aa-------001yy 200 1 $aOltre le facciate$ela lettura degli elementi architettonici e dei tipi edilizi nel Centro Storico di Napoli$fGiancarlo Muselli$gricerca diretta da Ernesto Burattini 210 $aNapoli$cClean$d1998 215 $a118 p.$cill.$d23 cm 610 0 $aNapoli 610 0 $aCentro storico 610 0 $aTipologie edilizie 676 $a720.457 3 700 1$aMuselli,$bGiancarlo$011308 702 1$aBurattini,$bErnesto$f<1941- > 801 0$aIT$bUNINA$gRICA$2UNIMARC 901 $aBK 912 $a990000800660403321 952 $aSEZ.NA B 1721$b9909$fFARBC 952 $aSEZ.NA B 1736$b9966$fFARBC 952 $a03.511$b3280$fDARST 952 $a08 AE 160$b834$fDINED 952 $aA 172 CAN$b2781/725 URB$fDARPU 952 $a21 A 29 09$b3075/803$fDINPU 959 $aFARBC 959 $aDARST 959 $aDINED 959 $aDARPU 959 $aDINPU 996 $aOltre le facciate$9351368 997 $aUNINA